书目信息 |
| 题名: |
有机高分子絮凝剂的制备及应用
|
|
| 作者: | 刘明华 编著 | |
| 分册: | ||
| 出版信息: | 北京 化学工业出版社 2006 |
|
| 页数: | 230页 | |
| 开本: | 26cm | |
| 丛书名: | ||
| 单 册: | ||
| 中图分类: | TQ047.1 | |
| 科图分类: | ||
| 主题词: | 高分子材料--絮凝剂--制备 , 高分子材料--絮凝剂--应用--水处理 , 高分子材料 , 絮凝剂 | |
| 电子资源: | ||
| ISBN: | 7-5025-8202-9 | |
| 000 | 00893nam0 2200265 450 | |
| 001 | 012007288830 | |
| 005 | 20070517115011.34 | |
| 010 | @a7-5025-8202-9@dCNY38.00 | |
| 100 | @a20070512d2006 km y0chiy0120 ea | |
| 101 | 0 | @achi |
| 102 | @aCN@b110000 | |
| 105 | @ay z 000yy | |
| 106 | @ar | |
| 200 | 1 | @a有机高分子絮凝剂的制备及应用@Ayou ji gao fen zi xu ning ji de zhi bei ji ying yong@f刘明华编著@Fliu ming hua bian zhu |
| 210 | @a北京@c化学工业出版社@d2006 | |
| 215 | @a230页@d26cm | |
| 330 | @a本书主要介绍了有机高分子絮凝剂的制备及其在水处理中的应用,其中包括絮凝剂的类别、合成方法性能以及在水处理中的应用情况等内容。 | |
| 606 | 0 | @a高分子材料@x絮凝剂@x制备 |
| 606 | 0 | @a高分子材料@x絮凝剂@x应用@x水处理 |
| 606 | 0 | @a高分子材料 |
| 606 | 0 | @a絮凝剂 |
| 690 | @aTQ047.1@v4 | |
| 701 | 0 | @a刘明华@Aliu ming hua@4编著 |
| 801 | 0 | @aCN@bRULIN@c20070517 |
| 905 | @dTQ047.1@e117@s8 | |
| 有机高分子絮凝剂的制备及应用/刘明华编著.-北京:化学工业出版社,2006 |
| 230页;26cm |
| ISBN 7-5025-8202-9:CNY38.00 |
| 本书主要介绍了有机高分子絮凝剂的制备及其在水处理中的应用,其中包括絮凝剂的类别、合成方法性能以及在水处理中的应用情况等内容。 |
| ● |
| 相关链接 |
|
|
|
|
正题名:有机高分子絮凝剂的制备及应用
索取号:TQ047.1/117
 
预约/预借
| 序号 | 登录号 | 条形码 | 馆藏地/架位号 | 状态 | 备注 |
| 1 | 0575029 | 205750294 | 第二样本阅览室/ [索取号:TQ047.1/117] | 在馆 | |
| 2 | 0575030 | 205750301 | 第三借阅区/ [索取号:TQ047.1/117] | 在馆 | |
| 3 | 0575031 | 205750310 | 密集书库/ [索取号:TQ047.1/117] | 在馆 | |
| 4 | 0575032 | 205750329 | 密集书库/ [索取号:TQ047.1/117] | 在馆 | |
| 5 | 0575033 | 205750338 | 第三借阅区/ [索取号:TQ047.1/117] | 在馆 | |
| 6 | 0575034 | 205750347 | 第三借阅区/ [索取号:TQ047.1/117] | 在馆 | |
| 7 | 0575035 | 205750356 | 第三借阅区/ [索取号:TQ047.1/117] | 在馆 | |
| 8 | 0575036 | 205750365 | 密集书库/ [索取号:TQ047.1/117] | 在馆 |